| 000 | 00637nam a2200253Ia 4500 | ||
|---|---|---|---|
| 003 | AR-RoIUNI | ||
| 005 | 20241122062815.0 | ||
| 008 | 150616s9999 xx 000 0 und d | ||
| 020 | _a9500201658 | ||
| 040 | _cIUNIR | ||
| 040 |
_dOCLC _cIUNIR |
||
| 080 | _a617.54 CIR | ||
| 245 | 1 |
_aCirugía Torácica _bManual de procedimientos _cDella Torre, Horacio A.; Gómez, M.A.; Greco, H.; Grinspan, R.H. |
|
| 250 | _a1a. ed. | ||
| 260 | _aBuenos Aires | ||
| 260 | _bEl Ateneo | ||
| 260 | _c1990 | ||
| 300 | _a217 p. | ||
| 300 | _c23 cm. | ||
| 650 | 1 | 0 |
_aMedicina _958 |
| 650 | 1 | 0 |
_aCirugía _978 |
| 650 | 1 | 4 | _aTÓRAX |
| 942 |
_cBK _2cdu |
||
| 999 |
_c845 _d845 |
||